Statistiken für Länder, die der Slowakei am nächsten sind

Klicken Sie hier um das Quiz zu spielen!

Allgemein

  • Dieses Quiz wurde 140 mal gespielt
  • Das Durchschnittsergebnis liegt bei 18 aus 20

Antwortstatistiken

kmLand% Korrekt
0Polen
100%
0Tschechien
100%
224Deutschland
98%
0Österreich
97%
0Ukraine
97%
0Ungarn
97%
189Serbien
96%
168Kroatien
95%
539Russland
95%
142Slowenien
94%
71Rumänien
93%
267Weißrussland
91%
497Bulgarien
90%
304Italien
87%
282Bosnien und
Herzegowina
84%
517Litauen
84%
502Schweiz
83%
321Moldawien
82%
527Kosovo
81%
468Montenegro
77%

Verteilung der Resultate

Perzentil nach korrekt beantworteten Fragen

Anzahl Personen mit jedem Resultat

Ihre Resultats-Entwicklung

Sie haben dieses Quiz noch nicht gespielt